000 00485nam a2200157 i 4500
001 62970
003 ES-MaACL
005 20230906164747.0
007 t|
008 031127s1980 sp ||||1| spa d
100 1 _aFernández Cueto, Pío.
_949616
245 1 0 _aPoemas a María Luisa Gochí y versos a Pío Muriedas /
_cPío Fernández Cueto.
260 _a[Santander :
_bs.n.,
_c1980] (
_fImp. Guzmán)
300 _a42 p. :
_bil. ;
_c21 cm.
852 _aES-MaACL
_j2113-F-23
_bR.100055
999 _c62970
_d62970